000
00285nam a2200121Ia 4500
008
240624s9999 xx 000 0 und d
041
_a
eng
082
_a
658.4012 LAM
100
_a
LAMPEL JOSEPH
245
_a
STRATEGY PROCESS
260
_c
2003
_a
New Delhi
_b
Pearson
365
_c
BPS
_b
28
999
_c
27822
_d
27822